[Event "NOR-ch Clubs 2017"]
[Site "Kristiansund"]
[Date "2017.10.21"]
[Round "3"]
[White "Nyland, Thomas"]
[Black "Thingstad, Even"]
[Result "0-1"]
[WhiteElo "2152"]
[BlackElo "2214"]
[Annotator "NA"]
[PlyCount "118"]
[EventDate "2017.??.??"]
[EventType "team-tourn"]
[EventCountry "NOR"]
[SourceTitle "playchess.com"]
[Source "ChessBase"]
[SourceQuality "1"]
[TimeControl "40/5400:1800"]

1. e4 {[%emt 0:00:02]} c6 {[%emt 0:00:21]} 2. d4 {[%emt 0:00:12]} d5 {[%emt 0:00:05]} 3. Nc3 {[%emt 0:01:10]} dxe4 {[%emt 0:00:04]} 4. Nxe4 {[%emt 0:00:05]} Bf5 {[%emt 0:00:06]} 5. Ng3 {[%emt 0:00:18]} Bg6 {[%emt 0:00:03]} 6. c3 {[%emt 0:00:17]} e6 {[%emt 0:04:04]} 7. Nf3 {[%emt 0:00:11]} Nd7 {[%emt 0:00:47]} 8. Bd3 {[%emt 0:02:18]} Bxd3 {[%emt 0:05:19]} 9. Qxd3 {[%emt 0:00:06]} Ngf6 {[%emt 0:00:20]} 10. Bg5 $11 {[%emt 0:02:01]} h6 {[%emt 0:03:04]} 11. Bd2 {[%emt 0:02:00]} Bd6 {[%emt 0:01:05]} 12. O-O {[%emt 0:02:34]} O-O {[%emt 0:02:33]} 13. Rfe1 {[%emt 0:05:16]} c5 {[%emt 0:08:48]} 14. Ne4 {[%emt 0:04:59]} Be7 {[%emt 0:06:30]} 15. Be3 {[%emt 0:05:32]} cxd4 {[%emt 0:11:00]} 16. Bxd4 {[%emt 0:03:32]} Qc7 {[%emt 0:04:10]} 17. Nxf6+ {[%emt 0:03:49]} Bxf6 {[%emt 0:00:34]} 18. Bxf6 {[%emt 0:00:29]} Nxf6 {[%emt 0:00:16]} 19. Rad1 {[%emt 0:00:42]} Rac8 {[%emt 0:04:09]} 20. h3 {[%emt 0:05:47]} Qc5 {[%emt 0:01:43]} 21. Ne5 {[%emt 0:02:58]} b5 {[%emt 0:04:06]} 22. Qd6 {[%emt 0:03:06]} a5 {[%emt 0:03:11]} 23. Qxc5 {[%emt 0:01:04]} Rxc5 {[%emt 0:00:03]} 24. Nd7 {[%emt 0:00:18]} Nxd7 {[%emt 0:01:05]} 25. Rxd7 {[%emt 0:00:06]} Rb8 {[%emt 0:07:28]} 26. Red1 {[%emt 0:00:38]} b4 {[%emt 0:01:17]} 27. Rd8+ {[%emt 0:04:32]} Rxd8 {[%emt 0:00:03]} 28. Rxd8+ {[%emt 0:00:04]} Kh7 {[%emt 0:00:03]} 29. cxb4 {[%emt 0:01:10]} axb4 {[%emt 0:00:33]} 30. Rb8 {[%emt 0:03:19]} Rc4 {[%emt 0:00:58]} 31. Kh2 {[%emt 0:01:58]} Kg6 {[%emt 0:02:00]} 32. Kg3 {[%emt 0:00:32]} e5 {[%emt 0:00:54]} 33. Kf3 {[%emt 0:00:36]} h5 {[%emt 0:04:16]} 34. Ke3 {[%emt 0:01:01]} f5 {[%emt 0:02:59]} 35. f3 {[%emt 0:05:48]} h4 {[%emt 0:04:51]} 36. Kd3 {[%emt 0:01:42]} Rd4+ {[%emt 0:00:09]} 37. Kc2 {[%emt 0:02:00]} e4 {[%emt 0:00:47]} 38. fxe4 {[%emt 0:01:53]} fxe4 {[%emt 0:00:01]} 39. Kb3 {[%emt 0:03:05]} Kf5 {[%emt 0:00:03]} 40. Rxb4 {[%emt 0:05:13]} Rxb4+ {[%emt 0:30:07]} 41. Kxb4 {[%emt 0:30:06]} Kf4 {[%emt 0:00:00]} 42. Kc4 {[%emt 0:00:00]} Ke3 {[%emt 0:00:00]} 43. a4 {[%emt 0:00:00]} Kf2 {[%emt 0:00:00]} 44. a5 {[%emt 0:00:00]} e3 {[%emt 0:00:00]} 45. a6 {[%emt 0:00:00]} e2 {[%emt 0:00:00]} 46. a7 {[%emt 0:00:00]} e1=Q {[%emt 0:00:00]} 47. a8=Q {[%emt 0:00:00]} Qf1+ {[%emt 0:00:00]} 48. Kd4 {[%emt 0:00:00]} Qxg2 {[%emt 0:00:00]} 49. Qf8+ {[%emt 0:00:00]} Kg1 {[%emt 0:00:00]} 50. b4 {[%emt 0:00:00]} Qxh3 {[%emt 0:00:00]} 51. Qxg7+ {[%emt 0:00:00]} Qg3 {[%emt 0:00:00]} 52. Qh7 {[%emt 0:00:00]} h3 {[%emt 0:00:00]} 53. Qb1+ {[%emt 0:00:00]} Kg2 {[%emt 0:00:00]} 54. Qe4+ {[%emt 0:00:00]} Qf3 {[%emt 0:00:00]} 55. Qg6+ {[%emt 0:00:00]} Kf1 {[%emt 0:00:00]} 56. Qb1+ {[%emt 0:00:00]} Kf2 {[%emt 0:00:00]} 57. Qc2+ {[%emt 0:00:00]} Kg3 {[%emt 0:00:00]} 58. Ke5 {[%emt 0:00:00]} h2 {[%emt 0:00:00]} 59. Qg6+ {[%emt 0:00:00]} Kf2 {[%emt 0:00:00]} 0-1

[Event "NOR-ch Clubs 2017"]
[Site "Kristiansund"]
[Date "2017.10.21"]
[Round "3"]
[White "Laverton, Christian"]
[Black "Hoem, Robin"]
[Result "1/2-1/2"]
[WhiteElo "2113"]
[BlackElo "2138"]
[Annotator "NA"]
[PlyCount "71"]
[EventDate "2017.??.??"]
[EventType "team-tourn"]
[EventCountry "NOR"]
[SourceTitle "playchess.com"]
[Source "ChessBase"]
[SourceQuality "1"]
[TimeControl "40/5400:1800"]

1. d4 {[%emt 0:00:06]} d5 {[%emt 0:00:11]} 2. c4 {[%emt 0:00:20]} e6 {[%emt 0:00:06]} 3. Nc3 {[%emt 0:01:01]} Nf6 {[%emt 0:00:07]} 4. Bg5 {[%emt 0:00:44]} Be7 {[%emt 0:00:16]} 5. e3 {[%emt 0:00:53]} h6 {[%emt 0:00:15]} 6. Bh4 {[%emt 0:00:52]} O-O {[%emt 0:00:09]} 7. Nf3 {[%emt 0:01:25]} Ne4 {[%emt 0:00:16]} 8. Bxe7 {[%emt 0:00:58]} Qxe7 {[%emt 0:00:05]} 9. Qb3 $11 {[%emt 0:06:44]} c6 {[%emt 0:03:35]} 10. Bd3 {[%emt 0:02:09]} Nxc3 {[%emt 0:03:39]} 11. Qxc3 {[%emt 0:02:03]} dxc4 {[%emt 0:01:44]} 12. Bxc4 {[%emt 0:01:39]} Nd7 {[%emt 0:05:14]} 13. O-O {[%emt 0:02:32]} b6 {[%emt 0:01:33]} 14. Rad1 {[%emt 0:13:23]} Bb7 {[%emt 0:01:00]} 15. Ne5 {[%emt 0:02:25]} Nxe5 {[%emt 0:04:50]} 16. dxe5 {[%emt 0:00:05]} Rfd8 {[%emt 0:02:55]} 17. f3 {[%emt 0:03:44]} c5 {[%emt 0:04:28]} 18. a3 {[%emt 0:08:51]} Qc7 {[%emt 0:10:27]} 19. Bb3 {[%emt 0:09:11]} b5 {[%emt 0:10:39]} 20. Rxd8+ {[%emt 0:03:58]} Rxd8 {[%emt 0:00:04]} 21. Rd1 {[%emt 0:00:22]} Rxd1+ 22. Bxd1 {[%emt 0:00:07]} a5 {[%emt 0:05:27]} 23. Bc2 {[%emt 0:06:23]} g6 {[%emt 0:00:19]} 24. b4 {[%emt 0:02:57]} axb4 {[%emt 0:02:53]} 25. axb4 {[%emt 0:00:06]} c4 {[%emt 0:00:31]} 26. Kf2 {[%emt 0:04:07]} Qe7 {[%emt 0:01:43]} 27. g3 {[%emt 0:01:16]} Qg5 {[%emt 0:04:38]} 28. h4 {[%emt 0:01:56]} Qe7 {[%emt 0:00:47]} 29. Qd2 {[%emt 0:01:37]} Bc6 {[%emt 0:08:22]} 30. e4 {[%emt 0:03:52]} Qa7+ {[%emt 0:01:15]} 31. Qe3 {[%emt 0:00:25]} Qa2 {[%emt 0:00:34]} 32. Qc3 {[%emt 0:00:27]} Qa7+ {[%emt 0:01:37]} 33. Kg2 {[%emt 0:00:51]} Qd7 {[%emt 0:02:20]} 34. Kf2 {[%emt 0:00:16]} Qa7+ {[%emt 0:00:49]} 35. Kg2 {[%emt 0:00:03]} Qd7 {[%emt 0:02:14]} 36. Kf2 1/2-1/2

[Event "NOR-ch Clubs 2017"]
[Site "Kristiansund"]
[Date "2017.10.21"]
[Round "3"]
[White "Darnell, Anton"]
[Black "Berg-Jensen, Joachim"]
[Result "1/2-1/2"]
[WhiteElo "2078"]
[BlackElo "2175"]
[Annotator "NA"]
[PlyCount "51"]
[EventDate "2017.??.??"]
[EventType "team-tourn"]
[EventCountry "NOR"]
[SourceTitle "playchess.com"]
[Source "ChessBase"]
[SourceQuality "1"]
[TimeControl "40/5400:1800"]

1. d4 {[%emt 0:00:02]} d5 {[%emt 0:00:05]} 2. Bf4 {[%emt 0:00:22]} e6 {[%emt 0:00:24]} 3. e3 {[%emt 0:00:16]} Nf6 {[%emt 0:01:57]} 4. Nf3 {[%emt 0:00:54]} Bd6 {[%emt 0:00:30] LiveBook: 365 Games} 5. Bg3 {[%emt 0:00:22]} Ne4 {[%emt 0:03:37]} 6. Bh4 {[%emt 0:02:37]} Be7 {[%emt 0:02:32]} 7. Bxe7 {[%emt 0:01:43]} Qxe7 {[%emt 0:00:07]} 8. c3 {[%emt 0:00:50]} O-O {[%emt 0:01:09]} 9. Nbd2 $11 {[%emt 0:00:27]} Nxd2 {[%emt 0:03:54]} 10. Qxd2 {[%emt 0:00:17]} c5 {[%emt 0:00:17]} 11. Bd3 {[%emt 0:00:39]} Nc6 {[%emt 0:05:03]} 12. O-O {[%emt 0:05:47]} Rd8 {[%emt 0:11:36]} 13. Qc2 {[%emt 0:01:55]} h6 {[%emt 0:00:23]} 14. Bb5 {[%emt 0:06:52]} Bd7 {[%emt 0:06:27]} 15. Rad1 {[%emt 0:02:21]} Nxd4 {[%emt 0:12:15]} 16. Nxd4 {[%emt 0:00:08]} cxd4 {[%emt 0:00:07]} 17. Bxd7 {[%emt 0:00:12]} Rxd7 {[%emt 0:00:06]} 18. Rxd4 {[%emt 0:01:49]} e5 {[%emt 0:04:11]} 19. Rd2 {[%emt 0:00:22]} Rad8 {[%emt 0:00:11]} 20. Rfd1 {[%emt 0:00:23]} d4 {[%emt 0:02:50]} 21. cxd4 {[%emt 0:03:21]} exd4 {[%emt 0:00:16]} 22. exd4 {[%emt 0:00:12]} Rxd4 {[%emt 0:01:21]} 23. Kf1 {[%emt 0:02:10]} Rxd2 {[%emt 0:06:02]} 24. Rxd2 {[%emt 0:00:16]} Rxd2 {[%emt 0:00:13]} 25. Qxd2 {[%emt 0:00:10]} Qe4 {[%emt 0:00:20]} 26. a3 {[%emt 0:00:52]} 1/2-1/2

[Event "NOR-ch Clubs 2017"]
[Site "Kristiansund"]
[Date "2017.10.21"]
[Round "3"]
[White "Sjoberg, Isak"]
[Black "Holm, Kristian Stuvik"]
[Result "1/2-1/2"]
[WhiteElo "2067"]
[BlackElo "2433"]
[Annotator "TA"]
[PlyCount "54"]
[EventDate "2017.??.??"]
[EventType "team-tourn"]
[EventCountry "NOR"]
[SourceTitle "playchess.com"]
[Source "ChessBase"]
[SourceQuality "1"]

{[%evp 15,54,28,26,-2,0,-74,-67,-64,-62,-64,-47,-63,-52,-59,-65,-79,-75,-64,-54,-70,-18,-59,74,81,102,93,93,75,233,71,57,54,56,59,62,0,65,0,64,69,75]} 1. e4 c5 2. Nf3 Nc6 3. Bb5 g6 4. O-O Bg7 5. d3 Nf6 6. Nc3 O-O 7. e5 Ng4 8. Bxc6 bxc6 9. Bf4 {B31: Sicilian: 2...Nc6 3 Bb5 g6} (9. Re1 f6 10. exf6 Nxf6 11. Qe2 Re8 12. Ng5 Rb8 13. Rb1 d6 14. Ne6 Bxe6 15. Qxe6+ Kf8 16. Ne4 Qd7 17. Ng5 Qxe6 18. Nxe6+ {½-½ (69) Yu,S (2542)-Shvedchikov,A (2427) Kuala Lumpur 2006}) 9... f6 $1 10. Re1 (10. exf6 $11 {keeps the balance.} Nxf6 11. Qd2) 10... fxe5 $17 11. Bxe5 {Black is slightly better.} Nxe5 12. Nxe5 Qc7 13. Nf3 $146 {[%cal Be5f3,Bf3g5,Bg5e4][%mdl 32]} ({Predecessor:} 13. Qe2 d6 14. Nc4 Bd4 15. Nd1 Bd7 16. c3 Bg7 {1-0 (59) Stepanov,N (1938)-Chernov,M (1996) Dagomys 2009}) 13... d6 14. Qd2 Rb8 15. Rab1 Bg4 16. Ng5 Bd4 17. Rf1 $1 Qa5 ({Better is} 17... d5 $15 18. h3 Bd7) 18. Qe1 e5 {[#]} (18... h6 $15 19. h3 Bf5) 19. Qe4 $1 $16 {[%cal Re4g4]} Bd7 20. Qh4 $40 {[%csl Gg5][%cal Rh4h7][%mdl 128] White attacks with force.} h5 {[#]} 21. Nge4 $1 {[%cal Re4f6] aiming for Nf6+.} Bxc3 $2 (21... Qd8 $16 22. Qxd8 Rfxd8) 22. bxc3 $2 (22. Nf6+ $18 {is more deadly.} Rxf6 23. Qxf6 Qxa2 24. Qxg6+ (24. bxc3 Rxb1 25. Qd8+ Kh7 $11) 24... Kh8 25. Qxd6) 22... Rxb1 23. Rxb1 {Strongly threatening Qe7.} Qxa2 {[%cal Ra2b1]} 24. Re1 Qe6 25. Rb1 {[%mdl 1024] White has compensation.} Qa2 {[%cal Ra2b1]} 26. Re1 Qe6 27. Ra1 d5 {Precision: White = 50%, Black = 53%.} 1/2-1/2

[Event "NOR-ch Clubs 2017"]
[Site "Kristiansund"]
[Date "2017.10.21"]
[Round "3"]
[White "Kyrkjebo, Hanna B"]
[Black "Moen, Andreas"]
[Result "0-1"]
[WhiteElo "1996"]
[BlackElo "2331"]
[Annotator "NA"]
[PlyCount "98"]
[EventDate "2017.??.??"]
[EventType "team-tourn"]
[EventCountry "NOR"]
[SourceTitle "playchess.com"]
[Source "ChessBase"]
[SourceQuality "1"]
[TimeControl "40/5400:1800"]

1. e4 {[%emt 0:00:03]} c5 {[%emt 0:01:02]} 2. Nf3 {[%emt 0:00:14]} d6 {[%emt 0:02:32]} 3. Bb5+ {[%emt 0:00:28]} Nd7 {[%emt 0:00:37]} 4. O-O {[%emt 0:03:22]} a6 {[%emt 0:03:30] LiveBook: 1005 Games} 5. Bd3 $11 {[%emt 0:06:28]} Ngf6 {[%emt 0:07:59]} 6. Re1 {[%emt 0:04:49]} b5 {[%emt 0:13:34]} 7. c4 {[%emt 0:07:21]} Ne5 {[%emt 0:03:34]} 8. Nxe5 {[%emt 0:08:22]} dxe5 {[%emt 0:01:10]} 9. Qc2 {[%emt 0:01:54]} b4 {[%emt 0:00:46]} 10. b3 {[%emt 0:05:31]} e6 {[%emt 0:02:16]} 11. Bb2 {[%emt 0:00:47]} Bd6 {[%emt 0:01:38]} 12. Bf1 {[%emt 0:01:47]} Bb7 {[%emt 0:03:38]} 13. d3 {[%emt 0:00:42]} O-O {[%emt 0:04:34]} 14. Nd2 a5 {[%emt 0:00:47]} 15. a4 {[%emt 0:06:40]} Nd7 {[%emt 0:02:25]} 16. g3 {[%emt 0:05:06]} Nb8 {[%emt 0:02:07]} 17. Bg2 {[%emt 0:00:47]} Nc6 {[%emt 0:00:55]} 18. Nf3 {[%emt 0:00:58]} Qe7 {[%emt 0:06:01]} 19. Rad1 {[%emt 0:02:21]} Rad8 {[%emt 0:00:24]} 20. Qc1 {[%emt 0:03:37]} Bb8 {[%emt 0:01:51]} 21. Qa1 {[%emt 0:00:38]} f6 {[%emt 0:02:52]} 22. Bc1 {[%emt 0:06:24]} Bc8 {[%emt 0:00:38]} 23. Be3 {[%emt 0:02:52]} Bd7 {[%emt 0:01:10]} 24. Qc1 {[%emt 0:00:50]} Be8 {[%emt 0:00:44]} 25. h3 {[%emt 0:02:48]} Bh5 {[%emt 0:02:59]} 26. Rd2 {[%emt 0:03:09]} Kh8 {[%emt 0:02:52]} 27. Nh2 {[%emt 0:01:11]} Rd7 {[%emt 0:02:23]} 28. Bf3 {[%emt 0:01:04]} Bg6 {[%emt 0:00:33]} 29. h4 {[%emt 0:00:54]} Rfd8 {[%emt 0:00:43]} 30. Red1 {[%emt 0:00:35]} h6 {[%emt 0:01:24]} 31. Kg2 {[%emt 0:01:31]} Bh7 {[%emt 0:00:54]} 32. Qc2 {[%emt 0:01:19]} Qd6 {[%emt 0:00:24]} 33. Be2 {[%emt 0:02:14]} f5 {[%emt 0:01:08]} 34. exf5 {[%emt 0:00:19]} exf5 {[%emt 0:01:28]} 35. f4 {[%emt 0:00:16]} Nd4 {[%emt 0:01:56]} 36. Qb1 {[%emt 0:01:04]} exf4 {[%emt 0:02:16]} 37. Bxf4 {[%emt 0:00:18]} Qc6+ {[%emt 0:01:25]} 38. Bf3 {[%emt 0:00:21]} Nxf3 {[%emt 0:00:33]} 39. Nxf3 {[%emt 0:00:07]} Bxf4 {[%emt 0:00:27]} 40. gxf4 {[%emt 0:00:08]} Rd4 {[%emt 0:30:13]} 41. Kg3 {[%emt 0:06:36]} Qg6+ {[%emt 0:00:00]} 42. Kf2 {[%emt 0:04:02]} Rxf4 {[%emt 0:00:00]} 43. Rg1 {[%emt 0:00:39]} Qh5 {[%emt 0:00:00]} 44. Rg3 {[%emt 0:00:56]} Qxh4 {[%emt 0:00:00]} 45. Qg1 {[%emt 0:00:55]} Bg6 {[%emt 0:00:00]} 46. Kf1 {[%emt 0:01:44]} Bh5 {[%emt 0:00:00]} 47. Rf2 {[%emt 0:01:45]} Bxf3 {[%emt 0:00:00]} 48. Rfxf3 {[%emt 0:01:21]} Rxd3 {[%emt 0:00:00]} 49. Qf2 {[%emt 0:08:00]} Qh1+ {[%emt 0:00:00]} 0-1

[Event "NOR-ch Clubs 2017"]
[Site "Kristiansund"]
[Date "2017.10.21"]
[Round "3"]
[White "Naessvold, Kjell"]
[Black "Hagen, Brede Andre Larsen"]
[Result "1/2-1/2"]
[WhiteElo "1971"]
[BlackElo "2069"]
[Annotator "NA"]
[PlyCount "57"]
[EventDate "2017.??.??"]
[EventType "team-tourn"]
[EventCountry "NOR"]
[SourceTitle "playchess.com"]
[Source "ChessBase"]
[SourceQuality "1"]
[TimeControl "40/5400:1800"]

1. e4 {[%emt 0:00:03]} c5 {[%emt 0:00:10]} 2. Nf3 {[%emt 0:00:10]} g6 {[%emt 0:00:13]} 3. d4 {[%emt 0:00:20]} Bg7 {[%emt 0:00:25]} 4. d5 {[%emt 0:03:48]} d6 {[%emt 0:00:26]} 5. c3 {[%emt 0:00:59]} Nf6 {[%emt 0:00:49]} 6. Bd3 {[%emt 0:00:17]} O-O {[%emt 0:02:00]} 7. O-O {[%emt 0:00:39]} Bg4 {[%emt 0:04:54]} 8. Nbd2 {[%emt 0:01:08]} e6 $14 {[%emt 0:00:48]} 9. c4 {[%emt 0:04:53]} exd5 {[%emt 0:00:51]} 10. exd5 {[%emt 0:02:03]} Re8 {[%emt 0:07:22]} 11. h3 {[%emt 0:02:41]} Bxf3 {[%emt 0:02:17]} 12. Nxf3 {[%emt 0:00:31]} Nbd7 {[%emt 0:03:44]} 13. a4 {[%emt 0:03:15]} Qc7 {[%emt 0:10:56]} 14. Ra2 {[%emt 0:04:59]} Re7 {[%emt 0:04:30]} 15. b3 {[%emt 0:04:08]} Ne4 {[%emt 0:03:02]} 16. Bxe4 {[%emt 0:00:58]} Rxe4 {[%emt 0:00:05]} 17. Re1 {[%emt 0:00:20]} Nf6 {[%emt 0:02:57]} 18. Rae2 {[%emt 0:02:33]} Rae8 {[%emt 0:02:34]} 19. Ng5 {[%emt 0:05:53]} R4e7 {[%emt 0:04:18]} 20. Qd3 {[%emt 0:07:50]} Qd8 {[%emt 0:10:32]} 21. Kf1 {[%emt 0:07:06]} Kf8 {[%emt 0:08:21]} 22. Bb2 {[%emt 0:08:30]} Rxe2 {[%emt 0:06:22]} 23. Rxe2 {[%emt 0:00:32]} Rxe2 {[%emt 0:00:22]} 24. Qxe2 {[%emt 0:02:30]} Nxd5 {[%emt 0:03:00]} 25. Nxf7 {[%emt 0:04:55]} Kxf7 {[%emt 0:00:34]} 26. Bxg7 {[%emt 0:02:46]} Kxg7 {[%emt 0:00:34]} 27. cxd5 {[%emt 0:00:09]} Qf6 {[%emt 0:01:20]} 28. g4 {[%emt 0:02:50]} Kf7 {[%emt 0:00:12]} 29. Qe3 {[%emt 0:00:56]} 1/2-1/2

[Event "NOR-ch Clubs 2017"]
[Site "Kristiansund"]
[Date "2017.10.21"]
[Round "3"]
[White "Haug, Rune"]
[Black "Lium, Lars"]
[Result "1-0"]
[WhiteElo "1800"]
[BlackElo "1643"]
[Annotator "NA"]
[PlyCount "93"]
[EventDate "2017.??.??"]
[EventType "team-tourn"]
[EventCountry "NOR"]
[SourceTitle "playchess.com"]
[Source "ChessBase"]
[SourceQuality "1"]
[TimeControl "40/5400:1800"]

1. e4 {[%emt 0:00:15]} e6 {[%emt 0:00:15]} 2. d4 {[%emt 0:00:19]} d5 {[%emt 0:00:15]} 3. Nd2 {[%emt 0:00:12]} a6 {[%emt 0:01:08]} 4. Ngf3 {[%emt 0:00:30]} Nf6 {[%emt 0:02:04]} 5. Bd3 {[%emt 0:01:13]} dxe4 {[%emt 0:00:53]} 6. Nxe4 {[%emt 0:00:17]} Be7 {[%emt 0:00:56]} 7. O-O {[%emt 0:00:26]} b6 {[%emt 0:02:14]} 8. Qe2 {[%emt 0:02:42]} Bb7 {[%emt 0:01:12]} 9. Bf4 $14 {[%emt 0:01:48]} Nd5 {[%emt 0:01:40]} 10. Bg3 {[%emt 0:00:53]} O-O {[%emt 0:01:53]} 11. c3 {[%emt 0:00:42]} Nd7 {[%emt 0:02:23]} 12. Rad1 {[%emt 0:01:57]} N7f6 {[%emt 0:00:58]} 13. Rfe1 {[%emt 0:03:29]} Qc8 {[%emt 0:02:38]} 14. Ne5 {[%emt 0:07:16]} Nxe4 {[%emt 0:03:57]} 15. Bxe4 {[%emt 0:00:18]} Nf6 {[%emt 0:00:42]} 16. Nc6 {[%emt 0:03:58]} Bxc6 {[%emt 0:01:07]} 17. Bxc6 {[%emt 0:00:11]} Ra7 {[%emt 0:00:26]} 18. Bh4 {[%emt 0:01:07]} Nd5 {[%emt 0:00:56]} 19. Bxe7 {[%emt 0:01:08]} Nxe7 {[%emt 0:00:08]} 20. Be4 {[%emt 0:00:47]} c6 {[%emt 0:02:58]} 21. Qh5 {[%emt 0:03:56]} h6 {[%emt 0:01:38]} 22. Rd3 {[%emt 0:02:13]} Nd5 {[%emt 0:04:22]} 23. Rg3 {[%emt 0:03:36]} f5 {[%emt 0:00:43]} 24. Bxd5 {[%emt 0:01:17]} cxd5 {[%emt 0:00:18]} 25. Qxh6 {[%emt 0:02:21]} Re7 {[%emt 0:00:42]} 26. Rxe6 {[%emt 0:16:10]} Qxe6 {[%emt 0:00:57]} 27. Rxg7+ {[%emt 0:00:18]} Rxg7 {[%emt 0:00:33]} 28. Qxe6+ {[%emt 0:00:08]} Rgf7 {[%emt 0:00:40]} 29. Qxd5 {[%emt 0:00:12]} Kg7 {[%emt 0:02:51]} 30. g3 {[%emt 0:01:32]} Rf6 {[%emt 0:02:38]} 31. Qb7+ {[%emt 0:00:22]} R8f7 {[%emt 0:00:14]} 32. Qxa6 {[%emt 0:00:10]} f4 {[%emt 0:00:14]} 33. gxf4 {[%emt 0:01:04]} Rg6+ {[%emt 0:00:57]} 34. Kf1 {[%emt 0:00:28]} Rxf4 {[%emt 0:00:11]} 35. d5 {[%emt 0:03:10]} Rgf6 {[%emt 0:00:49]} 36. Qe2 {[%emt 0:00:27]} b5 {[%emt 0:02:33]} 37. b3 {[%emt 0:01:11]} R4f5 {[%emt 0:00:42]} 38. c4 {[%emt 0:00:32]} bxc4 {[%emt 0:00:22]} 39. bxc4 {[%emt 0:00:02]} Rg6 {[%emt 0:01:58]} 40. d6 {[%emt 0:00:22]} Rfg5 {[%emt 0:30:39]} 41. Qe7+ {[%emt 0:30:29]} Kh6 {[%emt 0:00:30]} 42. Qf8+ {[%emt 0:04:35]} Kh7 {[%emt 0:00:49]} 43. Qe7+ {[%emt 0:02:46]} Kh6 {[%emt 0:04:46]} 44. d7 {[%emt 0:00:47]} Rg1+ {[%emt 0:00:10]} 45. Ke2 {[%emt 0:00:02]} Rg7 {[%emt 0:00:32]} 46. Qxg7+ {[%emt 0:00:13]} Rxg7 {[%emt 0:00:30]} 47. d8=Q {[%emt 0:00:05]} 1-0

[Event "NOR-ch Clubs 2017"]
[Site "Kristiansund"]
[Date "2017.10.21"]
[Round "3"]
[White "Dronen, Ole Reza"]
[Black "Dahl, Trygve"]
[Result "0-1"]
[WhiteElo "1797"]
[BlackElo "2193"]
[Annotator "NA"]
[PlyCount "44"]
[EventDate "2017.??.??"]
[EventType "team-tourn"]
[EventCountry "NOR"]
[SourceTitle "playchess.com"]
[Source "ChessBase"]
[SourceQuality "1"]
[TimeControl "40/5400:1800"]

1. f4 {[%emt 0:00:23]} d5 {[%emt 0:01:47]} 2. Nf3 {[%emt 0:00:06]} g6 {[%emt 0:00:13]} 3. e3 {[%emt 0:00:12]} Bg7 {[%emt 0:00:08]} 4. Be2 {[%emt 0:00:04]} Nf6 {[%emt 0:02:04]} 5. O-O {[%emt 0:00:06]} O-O {[%emt 0:00:25]} 6. d3 {[%emt 0:00:16]} b6 {[%emt 0:00:23]} 7. Qe1 {[%emt 0:03:06]} Bb7 {[%emt 0:00:16]} 8. Qh4 {[%emt 0:03:12]} Nfd7 $15 {[%emt 0:04:56]} 9. f5 {[%emt 0:04:47]} gxf5 {[%emt 0:04:54]} 10. Ng5 {[%emt 0:03:45]} h6 {[%emt 0:00:59]} 11. Nh3 {[%emt 0:00:42]} e6 {[%emt 0:00:45]} 12. Qg3 {[%emt 0:01:37]} Kh7 {[%emt 0:02:14]} 13. Bh5 {[%emt 0:05:49]} Be5 {[%emt 0:05:16]} 14. Qf3 {[%emt 0:02:46]} Qh4 {[%emt 0:01:38]} 15. Nc3 {[%emt 0:04:53]} Nf6 {[%emt 0:00:57]} 16. d4 {[%emt 0:01:23]} Bd6 {[%emt 0:00:53]} 17. Nf4 {[%emt 0:05:22]} Bxf4 {[%emt 0:00:28]} 18. g3 {[%emt 0:01:11]} Bxg3 {[%emt 0:01:21]} 19. hxg3 {[%emt 0:00:51]} Qxh5 {[%emt 0:00:11]} 20. Qxh5 {[%emt 0:02:11]} Nxh5 {[%emt 0:00:10]} 21. Ne2 {[%emt 0:00:49]} Ba6 {[%emt 0:00:19]} 22. Kf2 {[%emt 0:01:04]} Bxe2 {[%emt 0:00:07]} 0-1

[Event "NOR-ch Clubs 2017"]
[Site "Kristiansund"]
[Date "2017.10.21"]
[Round "3"]
[White "Kyrkjebo, Eirik"]
[Black "Svensen, Tarjei"]
[Result "0-1"]
[WhiteElo "1657"]
[BlackElo "2057"]
[Annotator "NA"]
[PlyCount "80"]
[EventDate "2017.??.??"]
[EventType "team-tourn"]
[EventCountry "NOR"]
[SourceTitle "playchess.com"]
[Source "ChessBase"]
[SourceQuality "1"]
[TimeControl "40/5400:1800"]

1. e4 {[%emt 0:00:06]} e6 {[%emt 0:00:07]} 2. d3 {[%emt 0:00:41]} d5 {[%emt 0:00:26]} 3. Nd2 {[%emt 0:00:35]} c5 {[%emt 0:00:10]} 4. Ngf3 {[%emt 0:01:07]} Nc6 {[%emt 0:00:20]} 5. e5 {[%emt 0:01:06]} Qc7 {[%emt 0:01:49]} 6. Qe2 {[%emt 0:00:18]} Nge7 {[%emt 0:02:07]} 7. b3 $17 {[%emt 0:04:21]} Ng6 {[%emt 0:05:26]} 8. c4 {[%emt 0:05:21]} Be7 {[%emt 0:04:47]} 9. Nb1 {[%emt 0:07:24]} d4 {[%emt 0:03:49]} 10. g3 {[%emt 0:02:58]} Ncxe5 {[%emt 0:01:10]} 11. Nxe5 {[%emt 0:01:35]} Qxe5 {[%emt 0:00:12]} 12. Qxe5 {[%emt 0:01:22]} Nxe5 {[%emt 0:00:03]} 13. Bf4 {[%emt 0:00:23]} Nc6 {[%emt 0:02:04]} 14. Bg2 {[%emt 0:03:35]} Bd7 {[%emt 0:06:26]} 15. O-O {[%emt 0:01:44]} g5 {[%emt 0:07:59]} 16. Bc1 {[%emt 0:03:39]} O-O-O {[%emt 0:00:38]} 17. f4 {[%emt 0:03:00]} f5 {[%emt 0:06:27]} 18. fxg5 {[%emt 0:03:33]} Nb4 {[%emt 0:03:53]} 19. Na3 {[%emt 0:04:13]} Nxd3 {[%emt 0:01:26]} 20. Bf4 {[%emt 0:02:01]} e5 {[%emt 0:04:33]} 21. Rad1 {[%emt 0:04:04]} exf4 {[%emt 0:01:15]} 22. Rxd3 {[%emt 0:00:41]} fxg3 {[%emt 0:00:51]} 23. Rxg3 {[%emt 0:00:27]} Bd6 {[%emt 0:01:31]} 24. Rd3 {[%emt 0:02:15]} Rdg8 {[%emt 0:00:33]} 25. h4 {[%emt 0:00:42]} h6 {[%emt 0:01:56]} 26. Nb5 {[%emt 0:01:53]} Bb8 {[%emt 0:00:28]} 27. b4 {[%emt 0:04:21]} a6 {[%emt 0:00:22]} 28. Na3 {[%emt 0:02:11]} hxg5 {[%emt 0:02:35]} 29. hxg5 {[%emt 0:01:14]} Rxg5 {[%emt 0:01:15]} 30. b5 {[%emt 0:01:19]} Rhg8 {[%emt 0:01:58]} 31. Rd2 {[%emt 0:01:04]} axb5 {[%emt 0:01:33]} 32. cxb5 {[%emt 0:00:23]} Be6 {[%emt 0:01:22]} 33. Rc2 b6 {[%emt 0:00:28]} 34. Kh1 {[%emt 0:02:40]} Bd5 {[%emt 0:02:45]} 35. Rff2 {[%emt 0:01:11]} Be4 {[%emt 0:01:21]} 36. Rcd2 {[%emt 0:00:37]} Rh8+ {[%emt 0:01:02]} 37. Kg1 {[%emt 0:00:19]} Bg3 {[%emt 0:02:44]} 38. Rfe2 {[%emt 0:00:33]} Bf4 {[%emt 0:00:24]} 39. Rb2 {[%emt 0:00:17]} Be3+ {[%emt 0:01:20]} 40. Kf1 {[%emt 0:00:16]} Rh1+ {[%emt 0:30:56]} 0-1